[Event "Barcelona Vila de Gracia Seniors 55+ op"]
[Site "Barcelona"]
[Date "2014.04.14"]
[Round "5"]
[White "Pereda Villalba, Julian"]
[Black "Marti Camaros, Daniel"]
[Result "1-0"]
[WhiteElo "1958"]
[BlackElo "1814"]
[PlyCount "85"]
[EventDate "2014.03.17"]
[EventType "swiss"]
[EventRounds "8"]
[EventCountry "ESP"]
[SourceTitle "EXT 2015"]
[Source "ChessBase"]
[SourceDate "2014.11.20"]
[SourceVersion "1"]
[SourceVersionDate "2014.11.20"]
[SourceQuality "1"]

1. d4 Nf6 2. c4 c5 3. d5 e6 4. Nc3 exd5 5. Nxd5 Nxd5 6. Qxd5 Nc6 7. Nf3 d6 8. e3 Be6 9. Qd1 Be7 10. Bd2 Qb6 11. Bc3 f6 12. Be2 0-0-0 13. e4 Ne5 14. Nd2 Nc6 15. Bg4 Bd7 16. Bxd7+ Rxd7 17. 0-0 Ne5 18. Qe2 h5 19. f4 Nc6 20. Kh1 Rdd8 21. Nf3 Nd4 22. Bxd4 cxd4 23. Qd2 f5 24. Nxd4 fxe4 25. Rae1 Bf6 26. Rxe4 d5 27. Nb3 dxe4 28. Qe2 e3 29. c5 Qe6 30. h3 Qe4 31. c6 bxc6 32. Qa6+ Kb8 33. Nc5 Qb4 34. Qxc6 Qxc5 35. Qxc5 Bd4 36. Qb5+ Bb6 37. a4 Rhf8 38. b4 e2 39. Qe5+ Bc7 40. Qxe2 Rc8 41. f5 h4 42. Qe4 Bb6 43. b5 1-0